8 to 1: 1980s Teen Pop Culture Quiz Stats

 Plays Quiz Updated Nov 8, 2017

Score 0/36 Timer 05:00
4 Plays Today
% Correct
Air Jordan
94.5%
The Breakfast Club
94.1%
Swatch
93.6%
Donkey Kong
93%
New Coke
92.5%
Ferris Bueller's Day Off
92.2%
Only in My Dreams
92.1%
Body Glove
91.9%
Lost in Your Eyes
91.4%
Frogger
90.7%
Sixteen Candles
90.1%
Izod Lacoste
89.9%
Guess
89.5%
Shake Your Love
88.2%
Pretty in Pink
88.2%
Head of the Class
87.1%
The Facts of Life
87.1%
United Colors of Benetton
85.8%
% Correct
Foolish Beat
83.2%
J.J. Jackson
82.4%
Martha Quinn
81.9%
Mark Goodman
81.5%
Staying Together
81.5%
No More Rhyme
80.7%
Out of the Blue
80.5%
Alan Hunter
80%
Defender
79.9%
Rick Springfield
79.6%
Jack Wagner
77.4%
Nina Blackwood
77.4%
Weird Science
76.6%
Electric Youth
65.1%
Square Pegs
59.1%
Some Kind of Wonderful
58%
Fame
57.1%
Camp Beverly Hills
34.6%

You're not logged in!

Compare scores with friends on all Sporcle quizzes.
OR
Log In

You Might Also Like...

Show Comments

Extras

Top Quizzes Today


Score Distribution

Your Account Isn't Verified!

In order to create a playlist on Sporcle, you need to verify the email address you used during registration. Go to your Sporcle Settings to finish the process.

Report this User

Report this user for behavior that violates our Community Guidelines.

Details: